Leeuwen, Jacobus A. van, Paulus' zendbrieven aan efeze, colosse, filémon, en thessalonika: [Rezension]

Saved in:  
Bibliographic Details
Main Author: Jeremias, Joachim 1900-1979 (Author)
Format: Electronic Review
Language:German
Check availability: HBZ Gateway
Interlibrary Loan:Interlibrary Loan for the Fachinformationsdienste (Specialized Information Services in Germany)
Published: 1928
In: Theologisches Literaturblatt
Year: 1928, Volume: 49, Issue: 10, Pages: 153-154
Review of:Kommentaar op het Nieuwe Testament ; 10: Paulus' zendbrieven aan efeze, colosse, filémon, en thessalonika (Amsterdam : van Bottenburg, 1926) (Jeremias, Joachim)
Further subjects:B Book review
Online Access: Volltext (kostenfrei)
Parallel Edition:Non-electronic

MARC

LEADER 00000caa a2200000 c 4500
001 152080704X
003 DE-627
005 20250605095915.0
007 cr uuu---uuuuu
008 151105s1928 xx |||||oo 00| ||ger c
035 |a (DE-627)152080704X 
035 |a (DE-576)450807045 
035 |a (DE-599)BSZ450807045 
040 |a DE-627  |b ger  |c DE-627  |e rakwb 
041 |a ger 
084 |a 1  |2 ssgn 
100 1 |0 (DE-588)11871211X  |0 (DE-627)07949370X  |0 (DE-576)161588018  |4 aut  |a Jeremias, Joachim  |d 1900-1979 
109 |a Jeremias, Joachim 1900-1979  |a Jeremias, J. 1900-1979  |a Jeremias, Joaquim 1900-1979 
245 1 0 |a Leeuwen, Jacobus A. van, Paulus' zendbrieven aan efeze, colosse, filémon, en thessalonika  |b [Rezension]  |c Joachim Jeremias 
264 1 |c 1928 
336 |a Text  |b txt  |2 rdacontent 
337 |a Computermedien  |b c  |2 rdamedia 
338 |a Online-Ressource  |b cr  |2 rdacarrier 
533 |a Online-Ausg.  |d 2015  |e Online-Ressource  |7 |2015|||||||||| 
601 |a Rezension 
655 7 |a Rezension  |0 (DE-588)4049712-4  |0 (DE-627)106186019  |0 (DE-576)209083166  |2 gnd-content 
773 0 8 |i In  |t Theologisches Literaturblatt  |d Leipzig : Dörffling & Franke, 1880  |g 49(1928), 10, Seite 153-154  |h Online-Ressource  |w (DE-627)821520482  |w (DE-600)2815983-4  |w (DE-576)428224377  |7 nnas 
773 1 8 |g volume:49  |g year:1928  |g number:10  |g pages:153-154 
776 0 8 |i Erscheint auch als  |n Druck-Ausgabe  |a Jeremias, Joachim, 1900 - 1979  |t Leeuwen, Jacobus A. van, Paulus' zendbrieven aan efeze, colosse, filémon, en thessalonika  |d 1928  |w (DE-627)147287837X  |w (DE-576)40287837X  |k Non-Electronic 
787 0 8 |i Rezension von  |a Leeuwen, Jacobus Adrianus Cornelis van, 1870 - 1930  |t Kommentaar op het Nieuwe Testament ; 10: Paulus' zendbrieven aan efeze, colosse, filémon, en thessalonika  |d Amsterdam : van Bottenburg, 1926  |h X, 457 S.  |w (DE-627)1115783572  |w (DE-576)045783578 
856 4 0 |u https://opendigi.ub.uni-tuebingen.de/opendigi/thlb_049_1928#p=085  |x Digitalisierung  |z kostenfrei  |3 Volltext  |7 0 
935 |h SWB  |i ld 
951 |a AR 
ELC |a 1 
ITA |a 1  |t 1 
LOK |0 000 xxxxxcx a22 zn 4500 
LOK |0 001 2870844212 
LOK |0 003 DE-627 
LOK |0 004 152080704X 
LOK |0 005 20151105000000 
LOK |0 008 151105||||||||||||||||ger||||||| 
LOK |0 040   |a DE-21  |c DE-627  |d DE-21 
LOK |0 852   |a DE-21 
LOK |0 852 1  |9 00 
LOK |0 935   |a theo  |a ixrz 
LOK |0 939   |a 05-11-15  |b l01 
OAS |a 1 
ORI |a SA-MARC-ixtheoa001.raw